The official Cambridge guide to IELTS : (Record no. 763)

MARC details
000 -LEADER
fixed length control field 00825nam a22002297a 4500
005 - DATE AND TIME OF LATEST TRANSACTION
control field 20250420134824.0
008 - FIXED-LENGTH DATA ELEMENTS--GENERAL INFORMATION
fixed length control field 211115b ||||| |||| 00| 0 eng d
020 ## - INTERNATIONAL STANDARD BOOK NUMBER
International Standard Book Number 9781107620698
040 ## - CATALOGING SOURCE
Transcribing agency KCST
082 ## - DEWEY DECIMAL CLASSIFICATION NUMBER
Classification number 428.24076
Item number Cu Of
100 ## - MAIN ENTRY--PERSONAL NAME
Personal name Cullen, Pauline
9 (RLIN) 5554
245 ## - TITLE STATEMENT
Title The official Cambridge guide to IELTS :
Remainder of title for academic & general training /
Statement of responsibility, etc. Pauline Cullen; Amanda French; Vanessa Jakeman
260 ## - PUBLICATION, DISTRIBUTION, ETC.
Place of publication, distribution, etc. Cambridge :
Name of publisher, distributor, etc. Cambridge University Press,
Date of publication, distribution, etc. 2014.
300 ## - PHYSICAL DESCRIPTION
Extent 400 pages ;
Dimensions 28 cm
Accompanying material 1 CD-ROM (4 3/4in)
650 ## - SUBJECT ADDED ENTRY--TOPICAL TERM
Topical term or geographic name entry element International English Language Testing System
Form subdivision Study guides.
9 (RLIN) 5555
650 ## - SUBJECT ADDED ENTRY--TOPICAL TERM
Topical term or geographic name entry element English language
Form subdivision Problems, exercises, etc.
9 (RLIN) 4926
650 ## - SUBJECT ADDED ENTRY--TOPICAL TERM
Topical term or geographic name entry element English language.
9 (RLIN) 2090
700 ## - ADDED ENTRY--PERSONAL NAME
Personal name French, Amanda
9 (RLIN) 5556
700 ## - ADDED ENTRY--PERSONAL NAME
Personal name Jakeman, Vanessa
9 (RLIN) 5557
942 ## - ADDED ENTRY ELEMENTS (KOHA)
Koha item type Book
942 ## - ADDED ENTRY ELEMENTS (KOHA)
Source of classification or shelving scheme Dewey Decimal Classification
Holdings
Withdrawn status Lost status Source of classification or shelving scheme Damaged status Not for loan Home library Current library Date acquired Cost, normal purchase price Total checkouts Full call number Barcode Date last seen Date last checked out Cost, replacement price Price effective from Koha item type
    Dewey Decimal Classification     KCST Library KCST Library 15/11/2021 16.20 2 428.24076 Cu Of 1000000925 19/10/2025 18/07/2023 16.20 15/11/2021 Book
    Dewey Decimal Classification     KCST Library KCST Library 15/11/2021 16.20   428.24076 Cu Of 1000000926 15/11/2021   16.20 15/11/2021 Book
    Dewey Decimal Classification     KCST Library KCST Library 15/11/2021 16.20   428.24076 Cu Of 1000000927 15/11/2021   16.20 15/11/2021 Book
© 2025 KCST. All rights reserved